000
00251nam a22001097a 4500
020
_a
9780545767514
082
_a
K800
100
_a
CHADDA, SARWAT
245
_a
MISSION ATOMIC - THE 39 CLUES SERIES - DOUBLECROSS - BOOK 4
300
_a
253P
942
_c
BK
999
_c
8311
_d
8311